• 首页
  • 本馆介绍
  • 公告通知
  • 最新文献
  • 馆藏检索
  • 电子资源
  • 读者导购
  • 参考咨询
  • 我的图书馆
  • 登录
  • 详细信息显示
  • 放入我的书架
  • 预约/预借图书
  • 作者相关作品
  • 分类相关作品
  • 丛书相关作品
  • 出版社相关作品

书目信息

  • 表格格式
  • 工作单格式
  • 卡片格式
题名:
世界大趋势 和平与发展
    
 
作者: 夏蒙
分册:  
出版信息:   福州人民出版社  1996. 6
页数: 282页
开本: 32开
丛书名:
单 册:
中图分类: C1
科图分类:
主题词: 社会科学--现状 , 社会科学--概况
电子资源:
ISBN:
000 00540nam0 2200205 45
001 0308271080
005 20030827105627.2
010    @dRMB16.80
100    @a20030827d1996 km y0chiy0120 ea
101    @achi
105    @a z 000yy
200 1  @a世界大趋势 和平与发展@Ashi jie da qu shi he ping yu fa zhan@f夏蒙@Fxia meng
210    @c福州人民出版社@d1996. 6
215    @a282页@c无图表@d32开
606 0  @a社会科学@x现状
606 0  @a社会科学@x概况
690    @aC1@v3
701  0 @a夏蒙
801    @aCN@b@c20030827
905    @aBZT@dC1@e17
    
    世界大趋势 和平与发展/夏蒙.-福州人民出版社,1996. 6
    282页:无图表;32开
    
    
    ISBN :RMB16.80
    
●
相关链接 在五车中查询图书 在当当中查询图书 在豆瓣中查询图书


正题名:世界大趋势 和平与发展     索取号:C1/17         预约/预借

序号 登录号 条形码 馆藏地/架位号 状态 备注
1 76253   200071304   中心书库南/008架A面1层1列/ [索取号:C1/17] 在馆    
2 76254   200071313   中心书库南/008架A面1层1列/ [索取号:C1/17] 在馆    
3 76255   200071297   中心书库南/008架A面1层1列/ [索取号:C1/17] 在馆    
4 76256   200071279   中心书库南/008架A面1层1列/ [索取号:C1/17] 在馆    
5 76257   200071322   中心书库南/008架A面1层1列/ [索取号:C1/17] 在馆    
6 76258   200071288   中心书库南/008架A面1层1列/ [索取号:C1/17] 在馆    
山东省滨州职业学院图书馆 欢迎您!
大连网信软件有限公司© 版权所有